Quản trị tài chính căn bản /

Cuốn sách giới thiệu với bạn đọc phương pháp tăng vốn hoạt động và các hình thức đầu tư vốn của các công ty, phương pháp tạo nguồn vốn và sử dụng hiệu quả của một công ty.

Gespeichert in:
Bibliographische Detailangaben
1. Verfasser: Nguyễn Quang Thu, PTS.
Format: Buch
Sprache:Vietnamese
Veröffentlicht: Hà Nội : Giáo dục, 1999.
Schlagworte:
Tags: Tag hinzufügen
Keine Tags, Fügen Sie den ersten Tag hinzu!
Thư viện lưu trữ: Mạng thư viện Đại học Đà Nẵng
LEADER 01136cam a2200361 i 4500
001 000046692
003 6195
005 20030916162502.0
008 010307b1999 vm 000 vie
020 |c 38000 
022 |a T 
040 |a IRC  |c IRC  |d IRC 
041 0 |a vie 
082 1 4 |a 658.15  |b NG-T 
100 1 |a Nguyễn Quang Thu,  |c PTS. 
245 0 0 |a Quản trị tài chính căn bản /  |c Nguyễn Quang Thu. 
260 |a Hà Nội :  |b Giáo dục,  |c 1999. 
300 |a 400tr. ;  |c 23cm. 
520 3 |a Cuốn sách giới thiệu với bạn đọc phương pháp tăng vốn hoạt động và các hình thức đầu tư vốn của các công ty, phương pháp tạo nguồn vốn và sử dụng hiệu quả của một công ty. 
630 0 4 |a Quản trị kinh doanh. 
630 0 4 |a Tài chính. 
630 0 4 |a Quản trị tài chính. 
650 0 4 |a Quản trị tài chính. 
OWN |a DUT 
999 |a From the UDN01 
TYP |a Monograph 
TYP |a Printed language 
980 |a Mạng thư viện Đại học Đà Nẵng